Rivals All Skins - Statistics

General Stats
  • This quiz has been taken 22 times
    7 since last reset
  • The average score is 72 of 342
Answer Stats
Weapon Rarity Answer % Correct
Assault Rifle Rare AK-47
100%
Sniper Mythical Keyper
100%
Assault Rifle Legendary AUG
75%
Sniper Legendary Event Horizon
75%
Knife Common Glorious Knife
75%
Sniper Common Glorious Sniper
75%
Handgun Legendary Hand Gun
75%
Grappler Legendary Lasso
75%
Sniper Legendary Pixel Sniper
75%
Assault Rifle Special 10B Visits
50%
Assault Rifle Mythical AKEY- 47
50%
Energy Pistols Rare Apex Pistols
50%
Energy RIfle Rare Apex Rifle
50%
Knife Legendary Balisong
50%
Assault Rifle Rare Boneclaw Rifle
50%
Fists Rare Boxing Gloves
50%
Fists Common Brass Knuckles
50%
Freeze Ray Rare Bubble Ray
50%
Knife Legendary Candy Cane
50%
Daggers Mythical Crystal Daggers
50%
Scythe Mythical Crystal Scythe
50%
Fists Legendary Fist
50%
Fists Rare Fists Of Hurt
50%
Trowel Rare Garden Shovel
50%
Assault Rifle Legendary Gingerbread AUG
50%
Assault Rifle Common Glorious Assault Rifle
50%
Energy Pistols Common Glorious Energy Pistols
50%
Flamethrower Common Glorious Flamethrower
50%
Uzi Common Glorious Uzi
50%
War Horn Common Glorious War Horn
50%
Knife Legendary Karambit
50%
Knife Mythical Keylisong
50%
Grenade Mythical Keynade
50%
Knife Mythical Keyrambit
50%
Flamethrower Mythical Keythrower
50%
Uzi Mythical Keyzi
50%
Medkit Legendary Laptop
50%
Knife Common Machete
50%
Knife Legendary Pencil
50%
Assault Rifle Common Phoenix Rifle
50%
Burst Rifle Legendary Pixel Burst
50%
Crossbow Legendary Pixel Crossbow
50%
Flamethrower Legendary Pixel Flamethrower
50%
Flashbang Legendary Pixel Flashbang
50%
Katana Legendary Pixel Katana
50%
RPG Mythical RPKEY
50%
Shotgun Mythical Shotkey
50%
Freeze Ray Legendary Spider Ray
50%
Freeze Ray Legendary Temporal Ray
50%
Assault Rifle Legendary Tommy Gun
50%
Shorty Common Too Shorty
50%
War Horn Rare Trumpet
50%
Warpstone Mythical Warpeye
50%
Daggers Rare Aces
25%
War Horn Rare Air Horn
25%
Scythe Rare Anchor
25%
Burst Rifle Rare Aqua Burst
25%
Crossbow Mythical Arch Crossbow
25%
Molotov Mythical Arch Molotov
25%
Satchel Common Bag o' Money
25%
Smoke Grenade Common Balance
25%
Battle Axe Legendary Balloon Axe
25%
Grenade Launcher Legendary Balloon Launcher
25%
Shorty Legendary Balloon Shorty
25%
Shotgun Legendary Balloon Shotgun
25%
Flare Gun Legendary Banana Flare
25%
Maul Legendary Ban Hammer
25%
Bow Rare Bat Bow
25%
Handgun Rare Blaster
25%
Chainsaw Rare Blobsaw
25%
Paintball Gun Legendary Boba Gun
25%
Jump Pad Rare Bounce House
25%
Medkit Legendary Box Of Chocolates
25%
Medkit Rare Briefcase
25%
Medkit Legendary Bucket Of Candy
25%
Chainsaw Legendary Buzzsaw
25%
Shotgun Common Cactus Shotgun
25%
Knife Legendary Caladbolg
25%
Flashbang Legendary Camera
25%
Knife Common Chancla
25%
Molotov Common Coffee
25%
Bow Common Compound Bow
25%
Daggers Rare Cookies
25%
Distortion Common Cyber Distortion
25%
Shorty Rare Demon Shorty
25%
Uzi Rare Demon Uzi
25%
Revolver Rare Desert Eagle
25%
Flashbang Legendary Disco Ball
25%
Subspace Tripmine Common DIY Tripmine
25%
Subspace Tripmine Legendary Don't Press
25%
Riot Shield Common Door
25%
Bow Rare Dream Bow
25%
Grenade Common Dynamite
25%
Flare Gun Rare Dynamite Gun
25%
Burst Rifle Legendary Electro Rifle
25%
Uzi Legendary Electro Uzi
25%
Smoke Grenade Legendary Emoji Cloud
25%
Riot Shield Rare Energy Shield
25%
Flamethrower Legendary Extinguisher
25%
Burst Rifle Legendary FAMAS
25%
Chainsaw Legendary Festive Buzzsaw
25%
Minigun Legendary Fighter Jet
25%
Flare Gun Legendary Firework Gun
25%
Grenade Launcher Rare Gearnade Launcher
25%
Sniper Rare Gingerbread Sniper
25%
Flamethrower Rare Glitterthrower
25%
Warper Rare Glitter Warper
25%
Battle Axe Common Glorious Battle Axe
25%
Bow Common Glorious Bow
25%
Burst Rifle Common Glorious Burst Rifle
25%
Chainsaw Common Glorious Chainsaw
25%
Crossbow Common Glorious Crossbow
25%
Daggers Common Glorious Daggers
25%
Distortion Common Glorious Distortion
25%
Energy RIfle Common Glorious Energy Rifle
25%
Exogun Common Glorious Exogun
25%
Fists Common Glorious Fists
25%
Flare Gun Common Glorious Flare Gun
25%
Flashbang Common Glorious Flashbang
25%
Freeze Ray Common Glorious Freeze Ray
25%
Grappler Common Glorious Grappler
25%
Grenade Common Glorious Grenade
25%
Grenade Launcher Common Glorious Grenade Launcher
25%
Gunblade Common Glorious Gunblade
25%
Handgun Common Glorious Handgun
25%
Katana Common Glorious Katana
25%
Maul Common Glorious Maul
25%
Medkit Common Glorious Medkit
25%
Minigun Common Glorious Minigun
25%
Molotov Common Glorious Molotov
25%
Paintball Gun Common Glorious Paintball Gun
25%
Permafrost Common Glorious Permafrost
25%
Revolver Common Glorious Revolver
25%
Riot Shield Common Glorious Riot Shield
25%
RPG Common Glorious RPG
25%
Satchel Common Glorious Satchel
25%
Scythe Common Glorious Scythe
25%
Shorty Common Glorious Shorty
25%
Shotgun Common Glorious Shotgun
25%
Slingshot Common Glorious Slingshot
25%
Smoke Grenade Common Glorious Smoke Grenade
25%
Spray Common Glorious Spray
25%
Subspace Tripmine Common Glorious Subspace Tripmine
25%
Trowel Common Glorious Trowel
25%
Warper Common Glorious Warper
25%
Warpstone Common Glorious Warpstone
25%
Slingshot Common Goalpost
25%
Handgun Common Gumball Handgun
25%
Freeze Ray Rare Gum Ray
25%
Gunblade Legendary Gunsaw
25%
Chainsaw Legendary Handsaws
25%
Slingshot Legendary Harp
25%
Crossbow Rare Harpoon Crossbow
25%
Gunblade Legendary Hyper Gunblade
25%
Energy Pistols Legendary Hyperlaser Guns
25%
Shotgun Legendary Hyper Shotgun
25%
Sniper Legendary Hyper Sniper
25%
Maul Common Ice Maul
25%
Paintball Gun Common Ketchup Gun
25%
Gunblade Mythical Keyblade
25%
Bow Mythical Key Bow
25%
Slingshot Mythical Keyshot
25%
Spray Mythical Key Spray
25%
Burst Rifle Mythical Keyst Rifle
25%
Katana Mythical Keytana
25%
Scythe Mythical Keythe
25%
Battle Axe Mythical Keyttle Axe
25%
Revolver Mythical Keyvolver
25%
Flamethrower Common Lamethrower
25%
Minigun Legendary Lasergun 3000
25%
Molotov Rare Lava Lamp
25%
Flashbang Common Lightbulb
25%
Katana Legendary Linked Sword
25%
Shorty Common Lovely Shorty
25%
Spray Common Lovely Spray
25%
Slingshot Legendary Lucky Horseshoe
25%
Distortion Rare Magma Distortion
25%
War Horn Common Mammoth Horn
25%
Riot Shield Rare Masterpiece
25%
Medkit Legendary Medkitty
25%
Chainsaw Legendary Mega Drill
25%
War Horn Common Megaphone
25%
Medkit Legendary Milk & Cookies
25%
Uzi Legendary Money Gun
25%
Spray Common Nail Gun
25%
Katana Rare New Year Katana
25%
Satchel Common Notebook Satchel
25%
Shorty Common Not So Shorty
25%
RPG Legendary Nuke Launcher
25%
Daggers Common Paper Planes
25%
RPG Common Pencil Launcher
25%
Burst Rifle Common Pine Burst
25%
Handgun Legendary Pixel Handgun
25%
Satchel Legendary Pizza Box
25%
Subspace Tripmine Legendary Pot o' Keys
25%
Flamethrower Legendary Rainbowthrower
25%
Bow Rare Raven Bow
25%
RPG Legendary Rocket Launcher
25%
Scythe Rare Sakura Scythe
25%
Medkit Legendary Sandwich
25%
Scythe Rare Scythe Of Death
25%
Jump Pad Rare Shady Chicken Sandwich
25%
Revolver Legendary Sheriff
25%
Daggers Common Shurikens
25%
Exogun Legendary Singularity
25%
Riot Shield Common Sled
25%
Paintball Gun Rare Slime Gun
25%
RPG Legendary Spaceship Launcher
25%
Spray Legendary Spray Bottle
25%
Subspace Tripmine Rare Spring
25%
Fists Common Spy Gloves
25%
RPG Rare Squid Launcher
25%
Katana Rare Stellar Katana
25%
Spear Common Studio Light
25%
Battle Axe Legendary The Shred
25%
Jump Pad Common Trampoline
25%
Grenade Launcher Rare Uranium Launcher
25%
Crossbow Rare Violin Crossbow
25%
Energy Pistols Legendary Void Pistols
25%
Energy RIfle Legendary Void Rifle
25%
Grenade Rare Water Balloon
25%
Grenade Legendary Whoopee Cushion
25%
Exogun Rare Wondergun
25%
Satchel Rare Advanced Satchel
0%
Warper Legendary Arcane Warper
0%
Katana Mythical Arch Katana
0%
Bow Legendary Balloon Bow
0%
Battle Axe Common Ban Axe
0%
Daggers Rare Bat Daggers
0%
Scythe Rare Bat Scythe
0%
Bow Legendary Beloved Bow
0%
Gunblade Common Boneblade
0%
War Horn Rare Boneclaw Horn
0%
Revolver Rare Boneclaw Revolver
0%
Spray Rare Boneclaw Spray
0%
Slingshot Rare Boneshot
0%
Paintball Gun Rare Brain Gun
0%
Daggers Legendary Broken Hearts
0%
Shotgun Rare Broomstick
0%
Battle Axe Rare Cerulean Axe
0%
Crossbow Common Crossbone
0%
Gunblade Common Crude Gunblade
0%
Katana Mythical Crystal Katana
0%
Grenade Legendary Cuddle Bomb
0%
Warpstone Common Cyber Warpstone
0%
Scythe Rare Cyro Scythe
0%
Subspace Tripmine Legendary Dev-In-The-Box
0%
Distortion Rare Electropunk Distortion
0%
Warper Rare Electropunk Warper
0%
Warpstone Rare Electropunk Warpstone
0%
Gunblade Common Elfs Gunblade
0%
Katana Rare Evil Trident
0%
Exogun Rare Exogourd
0%
Distortion Legendary Experiment D15
0%
Warper Legendary Experiment W4
0%
Smoke Grenade Legendary Eyeball
0%
Sniper Common Eyething Sniper
0%
Fists Common Festive Fists
0%
RPG Legendary Firework Launcher
0%
Bow Rare Frostbite Bow
0%
Crossbow Rare Frostbite Crossbow
0%
Warper Rare Frost Warper
0%
Grenade Common Frozen Grenade
0%
Spear Common Giant Pencil
0%
Handgun Rare Gingerbread Handgun
0%
Jump Pad Common Glorious Jump Pad
0%
Spear Common Glorious Spear
0%
Energy Pistols Rare Hacker Pistols
0%
Energy RIfle Rare Hacker Rifle
0%
Molotov Legendary Hot Coals
0%
Warper Legendary Hotel Bell
0%
Smoke Grenade Rare Hourglass
0%
Energy Pistols Rare Hydro Pistols
0%
Energy RIfle Rare Hydro Rifle
0%
Permafrost Common Ice Permafrost
0%
Flamethrower Rare Jack o' Thrower
0%
Grenade Rare Jingle Grenade
0%
Jump Pad Rare Jolly Man
0%
Daggers Mythical Keynais
0%
Katana Rare Lightning Bolt
0%
Exogun Common Midnight Festive Exogun
0%
Battle Axe Legendary Mimic Axe
0%
Energy Pistols Rare New Year Energy Pistols
0%
Energy RIfle Rare New Years Energy Rifle
0%
Battle Axe Common Nordic Axe
0%
Paintball Gun Legendary Paintballoon Gun
0%
Trowel Rare Paintbrush
0%
Revolver Legendary Peppergun
0%
Revolver Legendary Peppermint Sheriff
0%
Spray Common Pine Spray
0%
Uzi Common Pine Uzi
0%
Minigun Legendary Pixel Minigun
0%
Distortion Rare Plasma Distortion
0%
Trowel Rare Plastic Shovel
0%
Satchel Rare Potion Satchel
0%
Trowel Rare Pumpkin Carver
0%
Fists Common Pumpkin Claws
0%
Handgun Common Pumpkin Handgun
0%
RPG Legendary Pumpkin Launcher
0%
Minigun Common Pumpkin Minigun
0%
Exogun Rare Ray Gun
0%
Slingshot Rare Reindeer Slingshot
0%
Exogun Legendary Repulser
0%
Katana Legendary Saber
0%
Flashbang Rare Shining Star
0%
Flashbang Common Skullbang
0%
Grenade Launcher Legendary Skull Launcher
0%
Maul Rare Sleigh Maul
0%
Distortion Rare Sleighstortion
0%
Paintball Gun Rare Snowball Gun
0%
Grenade Launcher Rare Snowball Launcher
0%
Flamethrower Rare Snowblower
0%
Smoke Grenade Rare Snowglobe
0%
Permafrost Common Snowman Permafrost
0%
Trowel Rare Snow Shovel
0%
Grenade Legendary Soul Grenade
0%
Energy Pistols Legendary Soul Pistols
0%
Energy RIfle Legendary Soul Rifle
0%
Burst Rifle Common Spectral Burst
0%
Jump Pad Common Spider Web
0%
Slingshot Common Stick
0%
Battle Axe Legendary Street Sign
0%
Satchel Common Suspicious Gift
0%
Grenade Launcher Legendary Swashbuckler
0%
Warpstone Legendary Teleport Disc
0%
Daggers Legendary Toaster
0%
Riot Shield Common Tombstone Shield
0%
Molotov Common Torch
0%
Handgun Common Towerstone Handgun
0%
Subspace Tripmine Common Trick or Treat
0%
Warpstone Rare Unstable Warpstone
0%
Molotov Legendary Vexed Candle
0%
Flare Gun Legendary Vexed Flare Gun
0%
Warpstone Common Warpbone
0%
Handgun Common Warp Handgun
0%
Warpstone Legendary Warpstar
0%
Uzi Rare Water Uzi
0%
Flare Gun Common Wrapped Flare Gun
0%
Freeze Ray Common Wrapped Freeze Ray
0%
Minigun Common Wrapped Minigun
0%
Shorty Common Wrapped Shorty
0%
Shotgun Common Wrapped Shotgun
0%
No matching quizzes found
Score Distribution
Percent of People with Each Score
Percentile by Number Answered
Your Score History
You have not taken this quiz since the last reset